000 02093nam a2200565 i 4500
001 30228
003 KOSZ 005
005 20200803091351.0
008 970510s1994 pl a f |000 0 pol
015 _aUWD 1995/1912
020 _a8385949356
035 _a991000016839705066
035 _a(PL-WaBN)b10016983-48omnis_nlop
035 _ab10016983
035 _a(OCoLC)830049988
035 _a(PL)b0000001001698
035 _a(EXLNZ-48OMNIS_NETWORK)9910212855405606
040 _aWA N
_cWA N
_dKOSZ 005/EG
080 _a630.4
080 _a632.2/.4
080 _a(438)
100 1 _aKolk, Andrzej
_eAutor
245 1 0 _aOcena wpływu zagrożeń biotycznych (szkodników leśnych i chorób infekcyjnych) na stan lasów w Polsce w latach 1970-1992 /
_cAndrzej Kolk, Zbigniew Sierota, Monika Małecka ; [Państwowa Inspekcja Ochrony Środowiska].
260 _aWarszawa :
_bPIOŚ :
_bAgencja Wydawniczo-Poligraficzno-Księgarska "Bibliofil",
_c1994.
300 _a116 s. :
_bmapy kolor., wykr. ;
_c24 cm.
336 _aTekst
_btxt
_2rdacontent
337 _aBez urządzenia pośredniczącego
_bn
_2rdamedia
338 _aWolumin
_bnc
_2rdacarrier
380 _aKsiążki
388 1 _a1901-2000
388 1 _a1989-2000
490 1 _aBiblioteka Monitoringu Środowiska
504 _aBibliogr. s. 42-43.
650 7 _aDrzewa
_2DBN
650 7 _aGrzyby chorobotwórcze
_2DBN
650 7 _aLas
_2DBN
650 7 _aDegradacja środowiska
_2DBN
650 7 _aOwady leśne
_2DBN
650 7 _aZwalczanie
_2DBN
651 7 _aPolska
658 _aOchrona środowiska
658 _aRolnictwo i leśnictwo
700 1 _aMałecka, Monika
_c(leśnictwo)
_eAutor
700 1 _aSierota, Zbigniew
_d(1948- )
_eAutor
710 2 _aPaństwowa Inspekcja Ochrony Środowiska
830 0 _aBiblioteka Monitoringu Środowiska
856 _uhttp://koha.tu.koszalin.pl/cgi-bin/koha/opac-detail.pl?biblionumber=30228
_yKatalog online BPK
942 _2UKD
_cKS
999 _c30228
_d30228